Normal view
MARC view
Entry Personal Name
001 - CONTROL NUMBER
- control field: 41303
003 - CONTROL NUMBER IDENTIFIER
- control field: ARRUPE
005 - DATE AND TIME OF LATEST TRANSACTION
- control field: 20180405113834.0
008 - FIXED-LENGTH DATA ELEMENTS
- fixed length control field: 180405|| aca||aabn | a|a d
040 ## - CATALOGING SOURCE
- Original cataloging agency: ARRUPE
- Transcribing agency: ARRUPE
100 ## - HEADING--PERSONAL NAME
- Personal name: Burns, Edward McNall,
- Dates associated with a name: 1897-
670 ## - SOURCE DATA FOUND
- Source citation: Work cat.: (ARRUPE)0: Lerner, Robert E. 41301, Western civilizations, their history and their culture /, c1993.